18. yüzyılın ikinci yarısında Darphane-i Amire (Record no. 9877)

MARC details
000 -BAŞLIK
Sabit Uzunlukta Kontrol Alanı 00901na a2200277 4500
001 - KONTROL NUMARASI
Denetim Alanı 23719
003 - KONTROL NUMARASI IDENTIFIER
Denetim Alanı MIRAKIL
005 - SON İŞLEM TARİHİ VE ZAMANI
Denetim Alanı 20181213155259.0
008 - SABİT-BOY VERİ ELEMANLARI - GENEL BİLGİLER
Sabit Uzunlukta Kontrol Alanı 171214b tu 000 0
020 ## - ULUSLARARASI STANDART KİTAP NUMARASI
Uluslararası Standart Kitap Numarası 9786053992882
040 ## - KATALOGLAMA KAYNAK
Orijinal Kataloglama Ajansı Milas
Kataloglama Dili tur
Metne Dönüştürmek Ajansı TR-AnCHP
041 ## - DİL KODU
Metin / Ses Parça Veya Ayrı Başlığın Dil Kodu tur
082 ## - DEWEY ONLU SINIFLANDIRMA NUMARASI
Sınıflandırma Numarası 332.49561015
Ürün Numarası B74o 2013
090 ## - SINIFLAMA NUMARASI
Sınıflama Numarası 332.49561015 B74o 2013
100 ## - ANA GİRİŞ - KİŞİSEL İSİM
Kişisel Ad Bölükbaşı, Ömerül Faruk
245 ## - BAŞLIK TABLOSU
Başlık 18. yüzyılın ikinci yarısında Darphane-i Amire
Sorumluluk Tablosu, Vb Ömerül Faruk Bölükbaşı
260 ## - YAYIN, DAĞITIM, VB
Yayın, Dağıtım, Vb Yeri İstanbul
Yayıncı, Dağıtıcı, Vs Adı İstanbul Bilgi Üniversitesi
Yayın, Dağıtım, Vb Tarihi 2013
Üretici Firma sena ofset
300 ## - FİZİKSEL TANIM
Kapsam xx, 258 s.
Diğer Fiziksel Ayrıntıları res., şkl., tbl.
Boyutlar 24 sm.
440 ## - SERİSİ TABLOSU / KATMA GİRİŞİ - BAŞLIK
Başlık İstanbul Bilgi Üniversitesi Yayınları
Hacim / Ardışık Tanımı 430
490 ## - SERİSİ TABLOSU
Seri Beyanı Tarih
Hacim / Ardışık Tanımı 46
504 ## - KAYNAKÇA VB NOT
Kaynakça Vb Notu Kaynakça ve dizin var.
650 ## - KONU KATMA GİRİŞ - TOPİKAL DÖNEM
Topikal Süreli Veya Coğrafi Ad Giriş Elemanı Para
Genel Alt Bölümü Türkiye
Kronolojik Alt Bölümü Tarih
650 ## - KONU KATMA GİRİŞ - TOPİKAL DÖNEM
Topikal Süreli Veya Coğrafi Ad Giriş Elemanı Finans
Genel Alt Bölümü Türkiye
Kronolojik Alt Bölümü Tarih
-- 18.yy
650 ## - KONU KATMA GİRİŞ - TOPİKAL DÖNEM
Topikal Süreli Veya Coğrafi Ad Giriş Elemanı Para politikası
Genel Alt Bölümü Türkiye
Kronolojik Alt Bölümü Tarih
942 ## - EKLENDİ GİRİŞ ELEMANLARI (KOHA)
Sınıflandırma Veya Raf Düzeni Kaynak Dewey Decimal Classification
Koha Öğesi Türü Books
999 ## - SİSTEM KONTROL NUMARALARI (KOHA)
Koha Biblionumber 9877
Koha Biblioitemnumber 9877
Holdings
Kalıcı Konum Mevcut Konum Edinme Tarihi Edinim Kaynak Toplam Check-Out'Lar Tam Çağrı Numarası Barkod Tarih Son Görülme İtibaren Geçerli Fiyatlar Koha Öğesi Türü
CHP Kütüphanesi CHP Kütüphanesi 12/14/2017 Bağış   332.49561015 B74o 2013 017711 12/14/2017 12/14/2017 Books